El Poder y la subordinación: acerca del origen rural del poder y la subordinación en Chile

Đã lưu trong:
Chi tiết về thư mục
Tác giả chính: Bengoa Cabello, José
Định dạng: Texto
Được phát hành: Santiago: Sur
Các nhãn: Thêm thẻ
Không có thẻ, Là người đầu tiên thẻ bản ghi này!

MARC

LEADER 00000 a a2200000 04500
001 23682
003
040
090 |a 164100  
100 |a Bengoa Cabello, José  
245 |a El Poder y la subordinación: acerca del origen rural del poder y la subordinación en Chile  
260 |a Santiago:   |b Sur  
300 |a 297 p; t. 1   |b il.  
999 |c 11397  |d 11397